LEADER 03374nam 2200673 450 001 9910466135303321 005 20170919212442.0 010 $a90-04-29252-7 024 7 $a10.1163/9789004292529 035 $a(CKB)3710000000580470 035 $a(EBL)4540482 035 $a(SSID)ssj0001672788 035 $a(PQKBManifestationID)16471146 035 $a(PQKBTitleCode)TC0001672788 035 $a(PQKBWorkID)14862185 035 $a(PQKB)10951006 035 $a(PQKBManifestationID)16260662 035 $a(PQKBWorkID)14862186 035 $a(PQKB)21209793 035 $a(MiAaPQ)EBC4540482 035 $a(nllekb)BRILL9789004292529 035 $a(EXLCZ)993710000000580470 100 $a20160623h20152015 uy 0 101 0 $aeng 135 $aur|n|---||||| 181 $ctxt 182 $cc 183 $acr 200 12$aA functional account of Marathi's voice phenomena $epassives and causatives in Marathi /$fby Prashant Pardeshi 210 1$aNewcastle upon Tyne, England :$cCambridge Scholars Publishing,$d2015. 210 4$dİ2015 215 $a1 online resource (210 p.) 225 1 $aBrill's Studies in South and Southwest Asian Languages,$x1877-4083 ;$vVolume 7 300 $aDescription based upon print version of record. 311 $a90-04-29251-9 320 $aIncludes bibliographical references and index. 327 $aFront Matter -- Introduction -- The Characterization of the Passive -- Previous Studies of Marathi Passives -- A Comprehensive Account of the Marathi Passives -- Definition of the Causative -- Previous Studies of Marathi Causatives -- A Comprehensive Account of Marathi Causatives -- Concluding Remarks -- Transitivity (Non-Causative/Causative Verb) Pairs in Marathi -- References -- Index. 330 $aA Functional Account of Marathi's Voice Phenomena offers a comprehensive account of the formal and semantic aspects of the two most prominent voice phenomena in Marathi: the passive and the causative. Previous studies offer many partial insights into various aspects of Marathi?s passives and causatives. However, a comprehensive description of the formal, semantic, and pragmatic aspects of Marathi?s passives and causatives as not been available so far. Attempting to fill this gap, the present monograph offers a description in the functional-typological framework. At the same time it introduces the reader to the rich tradition of grammatical studies in Marathi, which up to now have remained inaccessible to those who are unfamiliar with the language. 410 0$aBrill's studies in South and Southwest Asian languages ;$vVolume 7. 606 $aMarathi language$xVoice 606 $aMarathi language$xVerb 606 $aMarathi language$xParts of speech 606 $aMarathi language$xGrammar 606 $aFunctionalism (Linguistics) 608 $aElectronic books. 615 0$aMarathi language$xVoice. 615 0$aMarathi language$xVerb. 615 0$aMarathi language$xParts of speech. 615 0$aMarathi language$xGrammar. 615 0$aFunctionalism (Linguistics) 676 $a491.4/65 700 $aParudeshi$b Purashanto$f1965-$0910381 801 0$bMiAaPQ 801 1$bMiAaPQ 801 2$bMiAaPQ 906 $aBOOK 912 $a9910466135303321 996 $aA functional account of Marathi's voice phenomena$92037560 997 $aUNINA LEADER 02509nam 2200625Ia 450 001 996339090003316 005 20170809160334.0 010 $a1-282-26389-7 010 $a9786612263897 010 $a1-86189-473-2 035 $a(CKB)1000000000716172 035 $a(EBL)420795 035 $a(OCoLC)437107813 035 $a(SSID)ssj0000337557 035 $a(PQKBManifestationID)11260107 035 $a(PQKBTitleCode)TC0000337557 035 $a(PQKBWorkID)10293162 035 $a(PQKB)10306951 035 $a(MiAaPQ)EBC420795 035 $a(EXLCZ)991000000000716172 100 $a20021126d2003 uy 0 101 0 $aeng 135 $aur|n|---||||| 181 $ctxt 182 $cc 183 $acr 200 10$aFactory$b[electronic resource] /$fGillian Darley 210 $aLondon $cReaktion$d2003 215 $a1 online resource (226 p.) 225 1 $aObjekt series 300 $aDescription based upon print version of record. 311 $a1-86189-155-5 320 $aIncludes bibliographical references and index. 327 $aFactory Structure; Imprint page; Contents; Acknowledgements; Preface; 1 Factory as Image; 2 Factory as Model: Early Versions; 3 Modern Models; 4 Factory as Innovator; 5 Factory as Icon; 6 Factory as Sales Tool; 7 Factory as Laboratory or Laboratory as Factory?; References; Select Bibliography; Photographic Acknowledgements; Index 330 $aGillian Darley traces the history of the modern factory, from the utopian schemes of Robert Owen or Claude Ledoux in the early 19th century, through the great modernist ""cathedrals of industry"" of Peter Behrens, Albert Kahn and Frank Lloyd Wright, to the post-industrial revival of former factories, such as Renzo Piano's reconstruction of the Fiat Lingotto factory in Turin, or the landscaped industrial parks created out of former steel mills in the Ruhr area of Germany. 410 0$aObjekt. 606 $aFactories$xHistory 606 $aFactories$xSocial aspects 606 $aFactories$xDesign and construction 608 $aElectronic books. 615 0$aFactories$xHistory. 615 0$aFactories$xSocial aspects. 615 0$aFactories$xDesign and construction. 676 $a338.65 676 $a338.6509 676 $a725.4 686 $a21.71$2bcl 700 $aDarley$b Gillian$0476861 801 0$bMiAaPQ 801 1$bMiAaPQ 801 2$bMiAaPQ 906 $aBOOK 912 $a996339090003316 996 $aFactory$92358174 997 $aUNISA